000 00902cab a22002055a 4500
001 L154539
008 111220e20111020xxk 000 0 eng d
035 _a(Sirsi) u154539
041 0 _aeng
100 1 _aDennis, Sarah
245 0 0 _aInside knowledge
_bmaterials
_bprices fall but pressure remains
260 _c2011
490 _aConstruction News
_v(7246) 15 December, 42-43(2)
520 _aThe materials price index is showing its first fall in a year, but construction companies are still feeling the squeeze as their input costs rise. Price inflation, and tables of materials prices indices, materials prices changes by sector, and input prices, monthly changes.
590 _aKA
651 4 _aUnited Kingdom
_y
690 _aBUILT ENVIRONMENT-CONSTRUCTION MARKET
690 _aBUILT ENVIRONMENT-BUILDING MATERIALS-CEMENTITIOUS, CONCRETE AND MINERAL BOUND MATERIALS-CONCRETE
942 _n0
999 _c83656
_d83656